| 000 | 01199cam a22003255a 4500 | ||
|---|---|---|---|
| 999 |
_c14763 _d14763 |
||
| 003 | EG-ScBUE | ||
| 005 | 20201128020845.0 | ||
| 008 | 100708r20112008enka f 000 0 eng d | ||
| 020 | _a9780194522007 | ||
| 040 |
_aEG-ScBUE _beng _erda _cEG-ScBUE _dEG-ScBUE |
||
| 082 | 0 | 4 |
_a428.076 _bHAI _222 |
| 100 | 1 |
_aHaines, Simon F. E, _eauthor. _916122 |
|
| 245 | 1 | 0 |
_aFirst certificate masterclass : _bstudent's book / _cSimon Haines, Barbara Stewart. |
| 250 | _aReprint edition. | ||
| 264 | 1 |
_aOxford ; _aNew York : _bOxford University Press, _c2011. |
|
| 300 |
_a191 pages : _billustrations ; _c28 cm |
||
| 336 |
_2rdacontent _atext _btxt |
||
| 337 |
_2rdamedia _aunmediated _bn |
||
| 338 |
_2rdacarrier _avolume _bnc |
||
| 500 | _aOn the cover: updated for the revised FCE exam. | ||
| 500 | _aFirst published 2008. | ||
| 521 | _aFor B2 learners. | ||
| 590 | _abasant ahmed | ||
| 650 | 7 |
_aEnglish language _xExaminations _xStudy guides. _2BUEsh _92391 |
|
| 650 | 7 |
_aEnglish language _vTextbooks for foreign speakers. _2BUEsh _943 |
|
| 653 |
_bHHUUEENN _cNovember2017 _cDecember2017 _cJanuary2019 |
||
| 655 |
_vReading book _934232 |
||
| 700 | 1 |
_aStewart, Barbara, _d1950- _eauthor. _916124 |
|
| 942 |
_2ddc _cBB |
||